Dodecahedron /

Enregistré dans:
Détails bibliographiques
Auteur principal: Mallin, Tom
Format: Livre
Langue:English
Publié: London : Allison & Busby, 1970.
LEADER 00701nam a2200205 a 4500
001 c000262413
003 CARM
005 20070614085734.0
008 070614s1970 enk 000 1 eng d
019 1 |a 50071175  |5 LACONCORD2021 
020 |a 085031030X (pbk.) 
035 |a (OCoLC)1629375  |5 LACONCORD2021 
040 |a VCAV  |b eng  |c VCAV 
100 1 |a Mallin, Tom 
245 1 0 |a Dodecahedron /  |c Tom Mallin. 
260 |a London :  |b Allison & Busby,  |c 1970. 
300 |a 84 p. 
852 8 |b CARM  |h A1:AP38G0  |i B08010  |p 0380096  |f BK 
999 f f |i 1c9c9819-240a-505d-b29f-25089f3b8b5e  |s 965a9771-0ce0-5c68-b3f2-264f4352b77e 
952 f f |p Can circulate  |a CAVAL  |b CAVAL  |c CAVAL  |d CARM 1 Store  |e B08010  |f A1:AP38G0  |h Other scheme  |i book  |m 0380096